| 000 | 01200nac a22002651i 4500 | ||
|---|---|---|---|
| 003 | EG-ScBUE | ||
| 005 | 20240130105503.0 | ||
| 008 | 121122s1985 ua ab f b 000 0 ara d | ||
| 040 |
_aEG-ScBUE _bara _erda _cEG-ScBUE _dEG-ScBUE |
||
| 043 | _af-mr--- | ||
| 082 | 0 | 4 |
_a964.02 _bخ ل ف _222 |
| 100 | 1 |
_aخلف الله، ابتسام مرعي، _eمؤلف. _931377 |
|
| 245 | 1 | 2 |
_aالعلاقات بين الخلافة الموحدية والمشرق الإسلامي : _b524-936 هـ - 1130 - 1529 م / _cالدكتورة ابتسام مرعى خلف الله، كلية التربية بدمنهور، جامعة الإسكندرية. |
| 264 | 1 |
_aالقاهرة : _bدار المعارف، _c1985. |
|
| 300 |
_a507 صفحة : _bإيضاحيات، خرائط ؛ _c24 سم |
||
| 336 |
_2rdacontent _aنص _btxt |
||
| 337 |
_aبدون وسيط _2rdamedia _bn |
||
| 338 |
_aمجلد _bnc _2rdacarrier |
||
| 504 | _aيشتمل على إرجاعات ببليوجرافية. | ||
| 650 | 7 |
_aالمرابطون. _2BUEsh _922171 |
|
| 650 | 7 |
_aالموحدون. _2BUEsh |
|
| 651 | 7 |
_2BUEsh _aالمغرب _xتاريخ _yالعصر الإسلامي 647-1912 م. |
|
| 655 | _vReading book | ||
| 942 |
_cBB _2ddc |
||
| 999 |
_c7164 _d7164 |
||